Multi-Platinum Albums (10-15 Million Copies) - Statistics

General Stats
  • This quiz has been taken 37 times
  • The average score is 7 of 10
Answer Stats
Album Year Released Musical Act % Correct
Born in the U.S.A. [1984] Bruce Springsteen
100%
Purple Rain [1984] Prince and the Revolution
100%
Abbey Road [1969] The Beatles
100%
The Wall [1979] Pink Floyd
94%
Appetite for Destruction [1987] Guns N' Roses
91%
Legend [1984] Bob Marley & The Wailers
57%
Supernatural [1999] Santana
51%
Millenium [1999] Backstreet Boys
40%
Cracked Rear View [1994] Hootie & the Blowfish
40%
No Fences [1990] Garth Brooks
37%
No matching quizzes found
Score Distribution
Percent of People with Each Score
Percentile by Number Answered
Your Score History
You have not taken this quiz